World War II in the Mediterranean - Statistics

General Stats
  • This quiz has been taken 36 times
  • The average score is 7 of 12
Answer Stats
Question Answer % Correct
Who was the commander of German army forces in North Africa Erwin Rommel
100%
What was the name of German army in North Africa? Africa Corps
67%
Who was the leader of Allies in their victory in the Second Battle of El Alamein? Bernard Montgomery
67%
Whose naval base was the island of Malta during World War II? British
67%
In 1940 Mussolini began Italy's war in North Africa by sending troops from Libya to attack what country? Egypt
67%
Tired of Hitler's success in Europe, which country Mussolini's Italy invaded in October 1940? Greece
67%
Who was the leader of Yugoslav Resistance Communists? Josip Broz Tito
67%
Who led the first large amphibious invasion to drive the Axis out of North Africa? Dwight Eisenhower
33%
Where is Tobruk, an Italian-held port in North Africa located? Libya
33%
What was the code-name of Hitler's attack on Yugoslavia in 1941? Operation Retribution
33%
Battle for what island in the Mediterranean forced Italians to surrender in 1943? Sicily
33%
What Italian port the British attacked in November 1940 and defeated Mussolini's navy? Taranto
33%
No matching quizzes found
Score Distribution
Percent of People with Each Score
Percentile by Number Answered
Your Score History
You have not taken this quiz